The minister as marriage counselor. (Record no. 14595)

000 -LEADER
fixed length control field 00623nam a2200205 a 4500
001 - CONTROL NUMBER
control field :::00012427$&:&@@
003 - CONTROL NUMBER IDENTIFIER
control field OkBaRHE
005 - DATE AND TIME OF LATEST TRANSACTION
control field 20000607103419.0
008 - FIXED-LENGTH DATA ELEMENTS--GENERAL INFORMATION
fixed length control field s1970 j 000 0 eng u
040 ## - CATALOGING SOURCE
Transcribing agency
100 1# - MAIN ENTRY--PERSONAL NAME
Personal name Stewart, Charles William.
245 14 - TITLE STATEMENT
Title The minister as marriage counselor.
250 ## - EDITION STATEMENT
Edition statement Rev. ed.
260 ## - PUBLICATION, DISTRIBUTION, ETC. (IMPRINT)
Place of publication, distribution, etc Nashville, TN., :
Name of publisher, distributor, etc Abingdon Press
Date of publication, distribution, etc c1970
300 ## - PHYSICAL DESCRIPTION
Extent 224 p. : illus. ;
Dimensions 24 cm.
650 ## - SUBJECT ADDED ENTRY--TOPICAL TERM
Topical term or geographic name as entry element Marriage Counseling
650 ## - SUBJECT ADDED ENTRY--TOPICAL TERM
Topical term or geographic name as entry element Pastoral Counseling
942 ## - ADDED ENTRY ELEMENTS (KOHA)
Source of classification or shelving scheme
Koha item type Books
Copies
Full call number Date last seen Shelving location Source of classification or shelving scheme Withdrawn status Koha item type Damaged status Price effective from Date acquired Permanent Location Copy number Not for loan Barcode Lost status
HQ 728 .S852010-04-14General Stacks  Books 2010-04-142010-04-14RHEMA Bible Training College1 12427